| 000 | 00760nam a2200229 i 4500 | ||
|---|---|---|---|
| 001 | 91788 | ||
| 003 | ES-MaACL | ||
| 005 | 20240223153257.0 | ||
| 007 | t| | ||
| 008 | 050215s2000 sp ||||1| spa d | ||
| 020 | _a84-95107-51-1 | ||
| 020 | _a3-89354-116-0 | ||
| 080 | _a821.134.2 Cervantes Saavedra, Miguel de 2.07 | ||
| 100 | 1 |
_aMaestro, Jesús G. _975408 |
|
| 245 | 1 | 3 |
_aLa escena imaginaria : _bpoética del teatro de Miguel Cervantes / _cJesús G. Maestro. |
| 260 |
_aMadrid : _bIberoamericana ; _aFrankfur am Main : _bVervuert, _c2000. |
||
| 300 |
_a382 p. ; _c23 cm. |
||
| 504 | _aBibliografía: p. [371]-382. | ||
| 600 | 1 | 4 |
_aCervantes Saavedra, Miguel de, _d1547-1616- _xTeatro _937609 |
| 852 | 4 |
_aES-MaACL _jL-28839 |
|
| 999 |
_c91788 _d91788 |
||